Personální strategie podniku: její východiská, součásti a nástroje

Stratégia podniku v oblasti ľudských zdrojov ako integrálna súčasť jeho celkovej stratégie.

Salvato in:
Dettagli Bibliografici
Autore principale: Urban, Jan
Natura: Capitolo di libro
Lingua:ceco
Soggetti:
Tags: Aggiungi Tag
Nessun Tag, puoi essere il primo ad aggiungerne!!

MARC

LEADER 00000naa a2200000 4500
001 0250994
005 20211214130848.7
041 0 |a cze 
044 |a CZ 
245 1 0 |a Personální strategie podniku: její východiská, součásti a nástroje  |c Jan Urban 
520 |a Stratégia podniku v oblasti ľudských zdrojov ako integrálna súčasť jeho celkovej stratégie. 
610 2 0 |a manažment personálny 
610 2 0 |a stratégia podniková 
610 2 0 |a riadenie personálne 
610 2 0 |a riadenie podnikové 
610 2 0 |a riadenie ľudských zdrojov 
100 1 |a Urban, Jan